Hồng lâu mộng. Tập 1

Sparad:
Bibliografiska uppgifter
Huvudupphovsman: Tào Tuyết Cần
Materialtyp: Bok
Språk:Vietnamese
Publicerad: Văn học 1999
Ämnen:
Taggar: Lägg till en tagg
Inga taggar, Lägg till första taggen!
Thư viện lưu trữ: Mạng thư viện Đại học Đà Nẵng
LEADER 00950nam a2200313 a 4500
001 000003702
003 00461
005 20171229145311.0
008 171229s1999 vie
040 |a LSK 
041 0 |a VIE 
082 0 |a 8  |b TA-C 
100 1 |a Tào Tuyết Cần 
245 0 0 |a Hồng lâu mộng. Tập 1 
260 |b Văn học  |c 1999 
300 |a 648 pages  |c 19 cm. 
653 |a Văn học - Trung Quốc - Tiểu thuyết 
852 |a Phòng Đọc 
901 |a 2 
927 |a Sách tham khảo 
OWN |a LSK 
AVA |a UDN50  |b LSK  |d 8 TA-C  |e available  |t Error 5001 Not defined in file expand_doc_bib_avail.  |f 2  |g 0  |h N  |i 0  |k 1 
999 |a From the UDN01 
AVA |a UDN50  |b LSK  |d 8 TA-C  |e available  |t Error 5001 Not defined in file expand_doc_bib_avail.  |f 2  |g 0  |h N  |i 0  |k 1 
TYP |a Monograph 
TYP |a Printed language 
980 |a Mạng thư viện Đại học Đà Nẵng